00266nam a22001097a 4500020001800000082001500018100002900033245002100062260004700083300000800130650001800138 a9783374047321 a270.82 LUT aLutheren world Fedration aHealing Memories aGermanybThe Luthren World Fedrationc2016 a199 aEcumenicalism